Samozničujúce luminogénne substráty beta-laktamáz ako detektory MDR

Salvato in:
Dettagli Bibliografici
Autore principale: Tomanová, Laura Anna (Autore)
Altri autori: Babjak, Matej (Relatore della tesi)
Natura: Manoscritto Libro
Lingua:slovacco
Pubblicazione: 2020
Soggetti:
Accesso online:http://is.stuba.sk/zp/portal_zp.pl?podrobnosti=135776
Tags: Aggiungi Tag
Nessun Tag, puoi essere il primo ad aggiungerne!!

MARC

LEADER 00000ntm a22000003a 4500
001 stuzp80158
003 SK-STU
005 20200718211844.3
007 ta
008 150427s2015----xo-----f-mn---000-0-slo-d
040 |a STU  |b slo 
041 0 |a slo 
100 1 |a Tomanová, Laura Anna  |u 048140  |4 aut  |U FCHPT Ústav organickej chémie, katalýzy a petrochémie  |T FCHPT Oddelenie organickej chémie  |X 86759  |U C8140  |Y 124  |7 86759 
242 0 1 |a Self-immolating Luminogenic Substrates of Beta-lactamases as Detectors of Multidrug Resistance  |y eng 
245 1 0 |a Samozničujúce luminogénne substráty beta-laktamáz ako detektory MDR 
260 |c 2020 
650 4 |a beta-laktámové antibiotiká  |2 slo 
650 4 |a viacnásobná rezistencia  |2 slo 
650 4 |a beta-laktamázy  |2 slo 
650 4 |a substrátové sondy v detekcii laktamáz  |2 slo 
650 4 |a multi-drug resistance  |2 eng 
650 4 |a beta-lactamases  |2 eng 
650 4 |a beta-lactamase substrate probes  |2 eng 
650 4 |a beta-lactam antibiotics  |2 eng 
700 1 |a Babjak, Matej  |u 048140  |k Z1  |4 ths  |U FCHPT Ústav organickej chémie, katalýzy a petrochémie  |T FCHPT Oddelenie organickej chémie  |X 3911  |U C8140  |Y 124  |7 A000003911 
856 4 |u http://is.stuba.sk/zp/portal_zp.pl?podrobnosti=135776